An Old English miscellany containing a bestiary, Kentish sermons, Proverbs of Alfred, religious poems of the thirteenth century, (Record no. 85789)
[ view plain ]
| 000 -LEADER | |
|---|---|
| fixed length control field | 00974cam a2200253u 4500 |
| 001 - CONTROL NUMBER | |
| control field | 85789 |
| 003 - CONTROL NUMBER IDENTIFIER | |
| rucl marc code | BD-RjUL |
| 005 - DATE AND TIME OF LATEST TRANSACTION | |
| control field | 20251006122732.0 |
| 008 - FIXED-LENGTH DATA ELEMENTS--GENERAL INFORMATION | |
| fixed length control field | 830126s1872 enk 000 0 eng |
| 035 ## - SYSTEM CONTROL NUMBER | |
| System control number | (BD-RjUL)85789 |
| 040 ## - CATALOGING SOURCE | |
| Original cataloging agency | DLC |
| Transcribing agency | CarP |
| Modifying agency | DLC |
| Language of cataloging | eng |
| 041 ## - LANGUAGE CODE | |
| Language code of text/sound track or separate title | eng |
| 082 ## - DEWEY DECIMAL CLASSIFICATION NUMBER | |
| Edition number | 19 |
| Classification number | 829.8 |
| Author mark and year | MOR 1872 |
| 100 1# - MAIN ENTRY--PERSONAL NAME | |
| Personal name | Morris, Richard, |
| Dates associated with a name | 1833-1894, |
| Relator term | ed. |
| 9 (RLIN) | 16465 |
| 245 03 - TITLE STATEMENT | |
| Title | An Old English miscellany containing a bestiary, Kentish sermons, Proverbs of Alfred, religious poems of the thirteenth century, |
| 260 ## - PUBLICATION, DISTRIBUTION, ETC. (IMPRINT) | |
| Place of publication, distribution, etc. | London, |
| Name of publisher, distributor, etc. | Pub. for the Early English text society, by N. Trübner & co., |
| Date of publication, distribution, etc. | 1872. |
| 300 ## - PHYSICAL DESCRIPTION | |
| Pagination | xvi, 308 p. |
| Size | 22 cm. |
| 600 00 - SUBJECT ADDED ENTRY--PERSONAL NAME | |
| Personal name | Theobaldus, |
| Titles and other words associated with a name | Episcopus. |
| Title of a work | Physiologus. |
| Personal name | Maurice, |
| Titles and other words associated with a name | of Sully, Bishop of Paris, |
| Dates associated with a name | approximately 1120-1196. |
| 650 #0 - SUBJECT ADDED ENTRY--TOPICAL TERM | |
| Topical term or geographic name as entry element | English poetry |
| Chronological subdivision | Middle English, 1100-1500. |
| 9 (RLIN) | 16466 |
| Topical term or geographic name as entry element | Sermons, Medieval |
| Geographic subdivision | England |
| -- | Kent. |
| 9 (RLIN) | 17067 |
| Topical term or geographic name as entry element | Sermons, English (Middle) |
| 9 (RLIN) | 17068 |
| 942 ## - ADDED ENTRY ELEMENTS (KOHA) | |
| Source of classification or shelving scheme | Dewey Decimal Classification |
| Koha item type | Books |
| Lost status | Source of classification or shelving scheme | Damaged status | Not for loan | Collection code | Permanent Location | Current Location | Shelving location | Date acquired | Total Checkouts | Full call number | Date last seen | Copy number | Koha item type |
|---|---|---|---|---|---|---|---|---|---|---|---|---|---|
| Dewey Decimal Classification | Not For Loan | Non-fiction | Central Library, University of Rajshahi | Central Library, University of Rajshahi | Reading Room | 06/10/2025 | 829.8 MOR 1872 | 06/10/2025 | C-1 | Books |